000
00243nam a2200097Ia 4500
008
170619s9999 xx 000 0 und d
100
_a
Sahgal - Nagantara
245
0
_a
Jawahar Lal Nehru Civilizing a Savage World
260
_b
PENGUIN
260
_c
2010
546
_a
ENGLISH
999
_c
21674
_d
21674